000
00359nam a2200157Ia 4500
008
230605s9999 xx 000 0 und d
041
_a
eng
100
_a
Khandge
245
_a
Womens Literature in Indian Languages (1850 to 2000 ) Vol- II
250
_a
1st
300
_a
590
365
_b
0
500
_a
1952
520
_a
General
650
_a
G.SKILL
999
_c
418884
_d
418884